The nature of OH/IR stars (Record no. 7869)

MARC details
000 -LEADER
fixed length control field 00610nam a2200181Ia 4500
003 - CONTROL NUMBER IDENTIFIER
control field IN-BaIIA
008 - FIXED-LENGTH DATA ELEMENTS--GENERAL INFORMATION
fixed length control field 211028s9999 xx 000 0 eng d
040 ## - CATALOGING SOURCE
Transcribing agency IIA Library
080 ## - UNIVERSAL DECIMAL CLASSIFICATION NUMBER
Universal Decimal Classification number 524.3-54
Item number HER
100 ## - MAIN ENTRY--PERSONAL NAME
Personal name Herman, Jacobus
9 (RLIN) 13281
245 #4 - TITLE STATEMENT
Title The nature of OH/IR stars
Remainder of title properties and characteristics of an evolved stellar population
Statement of responsibility, etc. Jacobus Herman
260 ## - PUBLICATION, DISTRIBUTION, ETC.
Place of publication, distribution, etc. Leiden
Name of publisher, distributor, etc. Beugelsdijk
Date of publication, distribution, etc. 1983
300 ## - PHYSICAL DESCRIPTION
Extent 188p.
650 ## - SUBJECT ADDED ENTRY--TOPICAL TERM
Topical term or geographic name entry element Astronomy and astrophysics thesaurus
650 ## - SUBJECT ADDED ENTRY--TOPICAL TERM
Topical term or geographic name entry element Disk populations
9 (RLIN) 13282
650 ## - SUBJECT ADDED ENTRY--TOPICAL TERM
Topical term or geographic name entry element Stellar populations
9 (RLIN) 3380
942 ## - ADDED ENTRY ELEMENTS (KOHA)
Koha item type Books
Holdings
Withdrawn status Lost status Damaged status Not for loan Home library Current library Shelving location Date acquired Total Checkouts Full call number Barcode Date last seen Price effective from Koha item type
        IIA Library-Bangalore IIA Library-Bangalore General Stacks 29/02/1984   524.3-54/ HER 8690 05/11/2021 29/02/1984 Books

Powered by Koha